00374 a2200133 4500003000400000005001700004008004100021020001800062040000900080082001500089245008900104260003800193300000900231OSt20231205111519.0231205b |||||||| |||| 00| 0 eng d a9781844513291 coclc a709bFLA/H aHistory of art :b from the Middle Ages to Renaissance, Impressionism and Modern Art aUKbFlame tree publishing,c2008. a199p